000 02782nam a2200337 a 4500
003 CO-PeBPR
005 20260429095500.0
008 260415e2024 ck a|||| n||| 00| 0 spa c
020 _a9789580806332
040 0 _aCO-PeBPR
_bspa
_cCO-PeBPR
_erda
041 0 _hspa
082 0 4 _a333.95 S211p
100 1 _aSánchez, Juan Armando
_eautor
245 1 0 _a¿Por qué dependemos de la biodiversidad?
_b: La oportunidad que no podemos dejar pasar
_c/ Juan Armando Sánchez Muñoz
250 _aEdición especial
264 1 _aBogotá, Colombia
_b: Universidad de los Andes : Intermedio editores
_c, 2024
300 _a191 páginas
_b: ilustraciones en blanco y negro, 8 páginas de láminas a color sin numerar
_c; 24 centímetros
336 _atexto
_btxt
_crdacontenido
337 _asin mediación
_bn
_2rdamedio
338 _avolumen
_bnc
_2rdasoporte
490 _aPlan Nacional de Lectura, Escritura y Oralidad / Ministerio de Cultura, Las Artes y los Saberes
500 _aIncluye índice.
500 _aIncluye datos biográficos del autor.
504 _aIncluye bibliografía.
520 _aEl ser humano no puede separarse de la biodiversidad. Nuestras funciones vitales y nuestra salud están inmersas en las sinergias con otras especies; de hecho, es mayor la cantidad de microorganismos con los que convivimos que la de nuestras propias células. Por eso, desligarse de la biodiversidad es la mayor amenaza contra la supervivencia humana, así como el modelo de desarrollo actual que afecta adversamente nuestro soporte vital. Para entender esta interdependencia, es necesario integrar tanto la vida marina como la terrestre, y Colombia, un país megadiverso con acceso a dos océanos, es el lienzo perfecto para construir este mensaje: la naturaleza tiene soluciones sencillas y sostenibles a los problemas emergentes de la sociedad. Los nuevos retos de un ambiente cambiante hacen que surjan preguntas cada vez más relevantes y que debemos atender si queremos prosperar como individuos y como sociedad: ¿Podremos prevenir una nueva pandemia de origen viral? ¿Cómo alimentaremos a una sociedad que crece constantemente? ¿Cómo nos afectará la extinción de las especies? ¿Funcionamos igual que el resto de los seres vivos? ¿Son nuestros cuerpos eco-sistemas para otras especies? ¿Existe un mejor modelo de desarrollo? Este libro es un acercamiento a estas discusiones y a la biodiversidad colombiana, nuestro mayor tesoro. Estamos ante una oportunidad que no podemos dejar pasar... Tomado de la contra cubierta.
650 1 4 _2LEMB
_aDiversidad biológica
_xAspectos sociales
650 1 4 _2LEMB
_aBiodiversidad
_zColombia
650 1 4 _2LEMB
_aConservación de la biodiversidad
_zColombia
650 1 4 _2LEMB
_aConservación del medio ambiente
942 _2ddc
_cBK
999 _c17816
_d17816